KOHA-Header-6

Artificial Intelligence, Internet of Things (IOT) and Smart Materials for Energy Applications (Record no. 13796)

000 -LEADER
fixed length control field 00382nam a22001217a 4500
020 ## - INTERNATIONAL STANDARD BOOK NUMBER
ISBN 9781032115030
082 ## - DEWEY DECIMAL CLASSIFICATION NUMBER
Classification number 006.3
100 ## - MAIN ENTRY--AUTHOR NAME
Personal name Mohal Lal Kolhe ; Kailash J. Karande and Sampat G. Deshmukh
245 ## - TITLE STATEMENT
Title Artificial Intelligence, Internet of Things (IOT) and Smart Materials for Energy Applications
260 ## - PUBLICATION, DISTRIBUTION, ETC. (IMPRINT)
Place of publication London
Name of publisher CRC Press
Year of publication 2023
300 ## - PHYSICAL DESCRIPTION
Number of Pages xv, 300 pages
942 ## - ADDED ENTRY ELEMENTS (KOHA)
Koha item type Books
Holdings
Withdrawn status Lost status Collection code Permanent Location Current Location Shelving location Date acquired Full call number Accession Number Koha item type
    Computer Networking MAJU MAJU Shelf No.A33 2023-10-11 006.3 10900 Books

Powered by Koha